Cities and Towns in Middlesex County, MA - Statistics

General Stats
  • This quiz has been taken 116 times
    114 since last reset
  • The average score is 32 of 54
Answer Stats
Letter Answer % Correct
C Concord
88%
F Framingham
88%
B Burlington
81%
G Groton
81%
L Lowell*
81%
N Newton
81%
W Woburn
81%
W Weston
81%
A Acton
75%
L Lexington
75%
N Natick
75%
M Medford
75%
S Somerville
75%
W Waltham
75%
B Billerica
69%
S Sudbury
69%
T Tewksbury
69%
C Cambridge*
69%
E Everett
69%
M Malden
69%
A Ayer
63%
D Dunstable
63%
L Littleton
63%
T Tyngsborough
63%
M Marlborough
63%
W Watertown
63%
W Wilmington
63%
A Arlington
56%
C Carlisle
56%
C Chelmsford
56%
D Dracut
56%
L Lincoln
56%
P Pepperell
56%
R Reading
56%
S Stoneham
56%
M Melrose
56%
W Wayland
56%
W Winchester
56%
A Ashby
50%
B Bedford
50%
B Boxborough
50%
N North Reading
50%
H Holliston
44%
H Hudson
44%
M Maynard
44%
S Shirley
44%
W Westford
44%
A Ashland
38%
S Stow
38%
W Wakefield
38%
B Belmont
31%
H Hopkinton
31%
S Sherborn
31%
T Townsend
31%
No matching quizzes found
Score Distribution
Percent of People with Each Score
Percentile by Number Answered
Your Score History
You have not taken this quiz since the last reset